<?xml version="1.0" encoding="UTF-8"?>
<record
    xmlns:xsi="http://www.w3.org/2001/XMLSchema-instance"
    xsi:schemaLocation="http://www.loc.gov/MARC21/slim http://www.loc.gov/standards/marcxml/schema/MARC21slim.xsd"
    xmlns="http://www.loc.gov/MARC21/slim">

  <leader>01783nas a2200361 i 4500</leader>
  <controlfield tag="001">323517</controlfield>
  <controlfield tag="003">AGNRD</controlfield>
  <controlfield tag="005">20250716151101.0</controlfield>
  <controlfield tag="007">ta</controlfield>
  <controlfield tag="008">250716e2025    dr a  p|ro   ||    ospa ||   | </controlfield>
  <datafield tag="010" ind1=" " ind2=" ">
    <subfield code="a">2025</subfield>
  </datafield>
  <datafield tag="020" ind1=" " ind2=" ">
    <subfield code="a">9789945164435</subfield>
  </datafield>
  <datafield tag="022" ind1=" " ind2=" ">
    <subfield code="a">2811-5082</subfield>
  </datafield>
  <datafield tag="040" ind1=" " ind2=" ">
    <subfield code="c">AGNRD</subfield>
    <subfield code="a">AGNRD</subfield>
    <subfield code="e">RDA</subfield>
    <subfield code="b">spa</subfield>
    <subfield code="d">DO-SdBNP</subfield>
  </datafield>
  <datafield tag="041" ind1=" " ind2=" ">
    <subfield code="a">spa</subfield>
  </datafield>
  <datafield tag="110" ind1=" " ind2=" ">
    <subfield code="9">68169</subfield>
    <subfield code="a">Rep&#xFA;blica Dominicana. Consejo Nacional de Bio&#xE9;tica en Salud (CONABIOS)</subfield>
  </datafield>
  <datafield tag="245" ind1=" " ind2=" ">
    <subfield code="a">Memoria institucional : </subfield>
    <subfield code="b">CONABIOS 2023-2024 /</subfield>
    <subfield code="c">Consejo Nacional de Bio&#xE9;tica en Salud [y otros cuatros].</subfield>
  </datafield>
  <datafield tag="264" ind1=" " ind2=" ">
    <subfield code="a">Santo Domingo, Rep&#xFA;blica Dominicana :</subfield>
    <subfield code="b">Ministerio de Salud P&#xFA;blica (MSP). </subfield>
    <subfield code="b">Consejo Nacional de Bio&#xE9;tica en Salud (CONABIOS), </subfield>
    <subfield code="c">2025.</subfield>
  </datafield>
  <datafield tag="300" ind1=" " ind2=" ">
    <subfield code="a">volumen : </subfield>
    <subfield code="b">ilustraciones, fotograf&#xED;as tablas ; </subfield>
    <subfield code="c">26 cm. </subfield>
  </datafield>
  <datafield tag="310" ind1=" " ind2=" ">
    <subfield code="a">Memoria 2023-2024.</subfield>
  </datafield>
  <datafield tag="336" ind1=" " ind2=" ">
    <subfield code="a">texto</subfield>
    <subfield code="b">txt </subfield>
    <subfield code="2">rdacontent </subfield>
  </datafield>
  <datafield tag="337" ind1=" " ind2=" ">
    <subfield code="a">sin mediaci&#xF3;n </subfield>
    <subfield code="b">n</subfield>
    <subfield code="2">rdamedia</subfield>
  </datafield>
  <datafield tag="338" ind1=" " ind2=" ">
    <subfield code="a">volumen </subfield>
    <subfield code="b">nc</subfield>
    <subfield code="2">rdacarrier</subfield>
  </datafield>
  <datafield tag="362" ind1=" " ind2=" ">
    <subfield code="a">A&#xF1;o 2025.</subfield>
  </datafield>
  <datafield tag="500" ind1=" " ind2=" ">
    <subfield code="a">Esta Memoria incluye ISBN y ISSN. </subfield>
  </datafield>
  <datafield tag="505" ind1=" " ind2=" ">
    <subfield code="a">Pr&#xF3;logo, 7.-- Estructura e identidad institucional, 11.-- Sesione del pleno del CONABIOS, 23.-- Gesti&#xF3;n administrativa, 27.-- Gesti&#xF3;n de monitoreo, 59.-- Gesti&#xF3;n de creaci&#xF3;n y capacitaci&#xF3;n del Comit&#xE9; de &#xC9;tica de Investigaci&#xF3;n, 85.-- Actividades y fortalecimiento institucional, 89.-- Capacitaci&#xF3;n, 99.-- Anexos, 103.</subfield>
  </datafield>
  <datafield tag="610" ind1=" " ind2=" ">
    <subfield code="9">68170</subfield>
    <subfield code="a">Consejo Nacional de Bio&#xE9;tica en Salud (CONABIOS)</subfield>
    <subfield code="x">Memorias e informes</subfield>
  </datafield>
  <datafield tag="700" ind1=" " ind2=" ">
    <subfield code="a">Fern&#xE1;ndez R., Aura Celeste</subfield>
    <subfield code="e">coordinadora</subfield>
    <subfield code="9">28963</subfield>
  </datafield>
  <datafield tag="700" ind1=" " ind2=" ">
    <subfield code="a">Pl&#xE1;cido Montero, Jos&#xE9;</subfield>
    <subfield code="e">coordinador</subfield>
    <subfield code="9">88373</subfield>
  </datafield>
  <datafield tag="700" ind1=" " ind2=" ">
    <subfield code="a">Adorno Rivera, Jenny M.</subfield>
    <subfield code="e">coordinadora</subfield>
    <subfield code="9">88374</subfield>
  </datafield>
  <datafield tag="700" ind1=" " ind2=" ">
    <subfield code="a">Espinal Dur&#xE1;n, Esmarlin R.</subfield>
    <subfield code="e">dise&#xF1;o, diagramaci&#xF3;n, cuidado de edici&#xF3;n y portada</subfield>
    <subfield code="9">88375</subfield>
  </datafield>
  <datafield tag="942" ind1=" " ind2=" ">
    <subfield code="2">ddc</subfield>
    <subfield code="c">ISSUE</subfield>
  </datafield>
  <datafield tag="952" ind1=" " ind2=" ">
    <subfield code="0">0</subfield>
    <subfield code="1">0</subfield>
    <subfield code="2">ddc</subfield>
    <subfield code="4">0</subfield>
    <subfield code="5">6</subfield>
    <subfield code="7">0</subfield>
    <subfield code="8">SE</subfield>
    <subfield code="a">BNPHU</subfield>
    <subfield code="b">BNPHU</subfield>
    <subfield code="d">2025-07-16</subfield>
    <subfield code="h">Memoria 2023-2024</subfield>
    <subfield code="l">0</subfield>
    <subfield code="p">2025-6642</subfield>
    <subfield code="r">2025-07-16</subfield>
    <subfield code="t">e.1</subfield>
    <subfield code="w">2025-07-16</subfield>
    <subfield code="y">ISSUE</subfield>
    <subfield code="z">CONABIOS : Consejo Nacional de Bio&#xE9;tica en Salud.</subfield>
  </datafield>
  <datafield tag="952" ind1=" " ind2=" ">
    <subfield code="0">0</subfield>
    <subfield code="1">0</subfield>
    <subfield code="2">ddc</subfield>
    <subfield code="4">0</subfield>
    <subfield code="5">6</subfield>
    <subfield code="7">0</subfield>
    <subfield code="8">SE</subfield>
    <subfield code="a">BNPHU</subfield>
    <subfield code="b">BNPHU</subfield>
    <subfield code="d">2025-07-16</subfield>
    <subfield code="h">Memoria 2023-2024</subfield>
    <subfield code="l">0</subfield>
    <subfield code="p">2025-6643</subfield>
    <subfield code="r">2025-07-16</subfield>
    <subfield code="t">e.2</subfield>
    <subfield code="w">2025-07-16</subfield>
    <subfield code="y">ISSUE</subfield>
    <subfield code="z">CONABIOS : Consejo Nacional de Bio&#xE9;tica en Salud.</subfield>
  </datafield>
  <datafield tag="952" ind1=" " ind2=" ">
    <subfield code="0">0</subfield>
    <subfield code="1">0</subfield>
    <subfield code="2">ddc</subfield>
    <subfield code="4">0</subfield>
    <subfield code="5">6</subfield>
    <subfield code="7">0</subfield>
    <subfield code="8">SE</subfield>
    <subfield code="a">BNPHU</subfield>
    <subfield code="b">BNPHU</subfield>
    <subfield code="d">2025-07-16</subfield>
    <subfield code="h">Memoria 2023-2024</subfield>
    <subfield code="l">0</subfield>
    <subfield code="p">2025-6644</subfield>
    <subfield code="r">2025-07-16</subfield>
    <subfield code="t">e.3</subfield>
    <subfield code="w">2025-07-16</subfield>
    <subfield code="y">ISSUE</subfield>
    <subfield code="z">CONABIOS : Consejo Nacional de Bio&#xE9;tica en Salud.</subfield>
  </datafield>
  <datafield tag="999" ind1=" " ind2=" ">
    <subfield code="c">59565</subfield>
    <subfield code="d">59565</subfield>
  </datafield>
</record>
